You and your boold pressure / (Record no. 134641)

MARC details
000 -LEADER
fixed length control field 00684nam a22002297a 4500
005 - DATE AND TIME OF LATEST TRANSACTION
control field 20170124110231.0
010 ## - LIBRARY OF CONGRESS CONTROL NUMBER
LC control number A-947383
020 ## - INTERNATIONAL STANDARD BOOK NUMBER
Terms of availability 100.00
International Standard Book Number 8185989109
035 ## - SYSTEM CONTROL NUMBER
System control number A-947383
037 ## - SOURCE OF ACQUISITION
Source of stock number/acquisition Cen Lib/Ret
040 ## - CATALOGING SOURCE
Original cataloging agency DPL
Language of cataloging EN
082 ## - DEWEY DECIMAL CLASSIFICATION NUMBER
Classification number 912.14
Item number LUT
100 ## - MAIN ENTRY--PERSONAL NAME
Personal name Luthra, Atul
9 (RLIN) 20182
245 ## - TITLE STATEMENT
Title You and your boold pressure /
Statement of responsibility, etc by Atul Luthra
260 ## - PUBLICATION, DISTRIBUTION, ETC. (IMPRINT)
Place of publication, distribution, etc New Delhi
Name of publisher, distributor, etc Galgotia Publishing Company
Date of publication, distribution, etc 1993
270 ## - ADDRESS
City New Delhi
Address 6A/4 WEA, Karol Bagh
Postal code 110005
300 ## - PHYSICAL DESCRIPTION
Extent xii,154p.:
Dimensions 20cm(pbk)
Other physical details ill.
500 ## - GENERAL NOTE
General note Includes appendix
650 ## - SUBJECT ADDED ENTRY--TOPICAL TERM
Topical term or geographic name as entry element Health science
9 (RLIN) 16285
650 ## - SUBJECT ADDED ENTRY--TOPICAL TERM
Topical term or geographic name as entry element Blood Pressure
9 (RLIN) 41288
942 ## - ADDED ENTRY ELEMENTS (KOHA)
Source of classification or shelving scheme Dewey Decimal Classification
Koha item type English Books
Classification part 612.14
Call number suffix LUT
Holdings
Withdrawn status Lost status Damaged status Not for loan Collection code Home library Current library Date acquired Source of acquisition Cost, normal purchase price Total Checkouts Full call number Barcode Date last seen Copy number Cost, replacement price Price effective from Koha item type
      Not For Loan Reference Central Library Central Library 30/07/2015 Cen Lib/Ret 100.00   912.14 LUT A-947383 30/07/2015 1 100.00 30/07/2015 English Books

© Delhi Public Library
Hit Counter
free hit counter